| 000 | 00393nam a2200169Ia 4500 | ||
|---|---|---|---|
| 008 | 210210b1935 xxu||||| |||| 00| 0 eng d | ||
| 041 | _aeng | ||
| 082 | _a829/58 | ||
| 100 | _aBARRIE (J M) | ||
| 245 | _aMy lady Nicotine | ||
| 260 |
_aLondon _bHodder and Stoughton Limited _c1935 |
||
| 650 | _aNicotine | ||
| 650 | _aMy | ||
| 650 | _alady | ||
| 690 | _aEnglish Fiction | ||
| 906 | _a016668 | ||
| 999 |
_c136325 _d136325 |
||